[Event "Dortmund 44th"]
[Site "Dortmund"]
[Date "2016.07.13"]
[Round "4"]
[White "Nisipeanu, Liviu Dieter"]
[Black "Najer, Evgeniy"]
[Result "1/2-1/2"]
[WhiteElo "2674"]
[BlackElo "2687"]
[Annotator "Meyer,CD"]
[PlyCount "87"]
[EventDate "2016.07.09"]
[EventType "tourn"]
[EventRounds "7"]
[EventCountry "GER"]
[EventCategory "20"]
[SourceTitle "CBM 174"]
[Source "ChessBase"]
[SourceDate "2016.09.13"]
[SourceVersion "1"]
[SourceVersionDate "2016.09.13"]
[SourceQuality "1"]

{1.d4 d5 2.Nf3 Bf5!? - ein paar Pros und Kontras anhand zweier Partien vom
Dortmunder Großmeisterturnier.} 1. d4 d5 2. Nf3 Bf5 $5 {Der provokante
Läuferzug war wohl als Überraschung gedacht, jedenfalls hat der russsische
Großmeister (lt. meiner Datenbanken) bislang auschließlich 2...Nf6, 2... c6
und 2...g6 gespielt. Inspiriert von dieser Partie probierte Deutschlands
Spitzenmann in der 7. und letzten Runde des Turniers (als Nachziehender gegen
Rainer Buhmann) dieselbe Eröffnung (siehe nachstehend).} 3. c4 e6 4. Nc3 Nf6 (
4... c6 {wird zwar häufiger praktiziert, aber nach} 5. Qb3 Qb6 6. c5 Qc7 7.
Bf4 Qc8 8. Nh4 {haben sich die weißen Chancen als besser erwiesen.}) 5. Bg5 ({
Interessante Alternativen, z.B.: I Nun könnte Schwarz auf} 5. Qb3 {aktiv mit}
Nc6 $1 {(nebst den Möglichkeiten ...Nb4 und ...Na5) reagieren:} 6. cxd5 (6.
Qxb7 $2 Nb4) (6. e3 $2 Nb4) (6. Bg5 Na5 $1 7. Qa4+ c6 8. c5 Be7) 6... exd5 7.
Bg5 (7. Qxb7 $2 Nb4 $1) (7. e4 Nxe4 $5 (7... dxe4 $6 8. Ne5 $5 (8. Qxb7 $6 Rb8
9. Qxc6+ Bd7 10. Qa6 exf3) 8... Be6 9. Qxb7 Nxd4 10. Bb5+ Nxb5 11. Qxb5+ Bd7 (
11... Nd7 12. Nc6 $14) 12. Qc4 Qe7 13. Nxd7 Qxd7 14. Bg5 $14) 8. Qxb7 Bd7 9.
Nxd5 (9. Qb3 Rb8 10. Qxd5 Nf6 $13 {/=}) 9... Bd6 $13 {/=}) 7... Na5 $1 8. Qa4+
c6 9. Bxf6 gxf6 10. e3 Qb6 $1 11. O-O-O (11. Nxd5 $2 Qxb2) 11... O-O-O 12. Bd3
Bg6 13. Qc2 Nc4 14. b3 $6 (14. Nh4 $13 {/=}) 14... Na3 $15 {- remis/28,
Wojtaszek,R (2744)-Grischuk,A (2810), Beijing (Blitz) 2014}) ({II} 5. Nh4 $1 {
zwecks Eliminierung des feindlichen Läufers scheint mir sehr beachtlich zu
sein. Ein voller Ausgleich für Schwarz ist hiernach schwer zu entdecken.} Bb4
$5 {Neu und kaum erprobt; jedenfalls habe ich dazu nur eine Fernschachpartie
gefunden.} ({Bekannt ist} 5... Bg6 6. cxd5 exd5 7. g3 $14) ({oder} 5... Be4 6.
f3 $1 Bg6 7. Nxg6 $1 hxg6 8. cxd5 $1 exd5 9. e4 $1 $14) 6. Nxf5 exf5 {Zu
dieser brisanten Position ein paar Anregungen:} 7. cxd5 (7. Bg5 Nbd7 $5 (7...
c5 $5 8. cxd5 Qa5 $132) 8. cxd5 O-O 9. Qb3 Qe7 10. e3 h6 11. Bf4 c6 12. dxc6
bxc6 13. O-O-O $13 Rfd8 (13... Bxc3 $5 14. Qxc3 Nd5) 14. Bc7 Rdc8 15. Bg3 a5
16. Bd3 c5 17. Bxf5 a4 18. Nxa4 c4 19. Qc2 Ra5 20. a3 c3 21. bxc3 Bxc3 22. Nxc3
g6 23. Nb1 Rxc2+ 24. Bxc2 Ne4 25. Rhe1 h5 26. Re2 h4 27. Be5 Nxe5 28. Bxe4 Nc4
29. Bd3 Nxa3 30. Ra2 Qc7+ 31. Kb2 Qb7+ {- remis, Zidu,J (2533)-Krause,P (2472),
Remote email 2014}) (7. Qb3 c5 $5 {Dieser ultrascharfe Gegenstoß verdient
eine nähere Untersuchung. Ein paar Denkanstöße:} (7... Nc6 8. e3 O-O (8...
dxc4 9. Bxc4 Qd7 10. O-O Bxc3 11. Qxc3 O-O 12. b4 $14) 9. cxd5 Qxd5 10. Qxd5
Nxd5 11. Bd2 Nb6 12. Rc1 (12. g3 Rfe8 13. Be2 Rad8 14. Rc1 Ne7 15. a3 Bd6 16.
h4 $14) 12... f4 13. Bb5 $14) 8. dxc5 (8. cxd5 O-O 9. dxc5 (9. Bg5 Nbd7) 9...
Ba5 $5 10. Bd2 Na6 $13) 8... Na6 9. cxd5 Qxd5 (9... Qa5 10. a3 Nxd5 11. Bd2 Rd8
12. Rc1 Nxc5) 10. Qxb4 (10. Qa4+ Ke7 $5 11. Bd2 Bxc3 12. Bxc3 Nxc5 13. Qa3 Rhd8
14. e3 b6 $13) 10... Nxb4 11. Nxd5 Nfxd5 12. Rb1 Rc8 $13 {/=}) (7. e3 O-O 8. a3
Bxc3+ 9. bxc3 Re8 10. cxd5 Qxd5 11. c4 Qc6 12. Qf3 $5 $14 (12. f3 $6 f4 13. e4
Nxe4 $5 14. fxe4 Qxe4+ 15. Kf2 Nc6 $44)) 7... Qxd5 8. e3 O-O 9. a3 Bxc3+ 10.
bxc3 $14 {Mit den Fortsetzungen 7.e3 und 7.cxd5 scheint Weiß ein solides Plus
zu erzielen.}) ({III} 5. Bf4 Bb4 ({Extravagant, für besser halte ich
beispielsweise} 5... dxc4 $142 $5 6. e3 Nd5 $13) 6. Qa4+ $1 Nc6 7. Ne5 O-O 8.
Nxc6 Bxc3+ 9. bxc3 bxc6 $5 (9... Qd7) 10. Qxc6 Qb8 $5 11. Qb5 dxc4 12. Qxb8 (
12. a4 Nd5 13. Bd2 c5 14. dxc5 Qe5 15. Qxc4 Rfd8 $44) 12... Rfxb8 13. Bxc7 (13.
f3 Rb1+ 14. Rxb1 Bxb1) 13... Rb2 $44 14. f3 Bb1 $2 (14... Nd5 $13) 15. Kd1 Nd5
16. Kc1 Rxa2 17. Rxb1 Nxc7 18. e4 Ra4 19. Be2 $16 f5 (19... Ra2 20. Re1 a6 21.
Bxc4 Rxg2 22. Re2) 20. Rf1 (20. Rd1) 20... Rf8 21. Rb7 $2 (21. Kd2 Ra2+ 22. Ke3
) 21... Na8 $1 $14 {Das lief gerade noch einmal glimpflich für Schwarz ab.}
22. Kb2 (22. Rb4 $5 Rxb4 23. cxb4 Rd8 24. Rd1 Nb6) 22... Nb6 23. Bd1 Ra5 24.
Bc2 Rf7 25. Rb8+ Rf8 26. Rb7 Rf7 27. Rb8+ {- remis in Buhmann,R (2653) -
Nisipeanu, LD (2674), Dortmund (7) 2016}) 5... c6 6. Bxf6 ({Zu ganz anderen
Themen gehen die folgenden Alternativen über: I} 6. Qb3 Qb6 7. c5 (7. Qxb6
axb6 8. Bxf6 gxf6 9. cxd5 exd5 10. e3 b5 (10... Nd7)) 7... Qc7 (7... Qxb3 8.
axb3 Ne4 (8... Na6)) 8. e3 Nbd7 9. Bf4 Qc8 10. h3 Be7 11. Be2) ({II} 6. e3 {
ist der meistgewählte Zug, indes verfügt Schwarz darauf über diverse
brauchbare Entgegnungen, z.B.:} h6 {(6...Be7, 6....Nbd7, 6...Qb6)} 7. Bxf6 (7.
Bh4 Nbd7) 7... Qxf6 8. Qb3 Qe7 9. Ne5 f6 $5) 6... Qxf6 ({Kaum anzutreffen ist
das weniger solide erscheinende, aber wohl spielbare} 6... gxf6 {, z.B.} 7.
cxd5 (7. e3 Qb6 $5) 7... cxd5 8. e3 Nc6 {, und mit seinem Läuferpaar mag
Schwarz ausreichend Kompensation für die geschwächte Bauernstruktur haben.})
7. Qb3 b6 $5 ({Eine zweischneidige Lockerung des Damenflügels, während} 7...
Qe7 {mit der Idee} 8. e3 Qb4 {möglichst risikolos Ausgleich anstrebt} (8...
Qc7)) 8. g3 $1 {Das Läuferfianchetto, um beizeiten den Vorstoß e4 zu
unterstützen, ist eine gute und nachhaltige Wahl.} ({I Nach} 8. Rc1 Bd6 9. e3
(9. cxd5 exd5 {hat Schwarz keine Probleme:} (9... Qh6 $6 10. Nd2 $1 exd5 11.
Nxd5 $1 O-O (11... Be6 12. Qe3 $14) 12. Qf3 Qg6 13. Nc3 (13. Nf4) 13... Bg4 14.
Qe3 $6 $13 {- 0:1/32, Lukanov,T (2557)-Kokorin,V (2213), ICCF email 1999} (14.
Qe4 $142 Bf5 15. Qh4)) 10. g3 (10. Nxd5 $6 {Verlockend, indes verfügt Schwarz
über erstaunliche Ressourcen:} cxd5 11. Qxd5 Qe6 $1 (11... Bb4+ $143 12. Kd1
O-O 13. Qxa8 $16 Rd8 14. e3 Qe7 15. a3 Be4 16. Qxe4 Qxe4 17. axb4 $13 {/=}) 12.
Qxa8 Qxa2 13. e4 Qxb2 14. Rd1 O-O 15. Be2 Qc3+ 16. Kf1 Nc6 17. Qxf8+ Kxf8 18.
exf5 Nb4 $15) (10. e3 Nd7 $13) 10... Qh6 11. Qd1 Nd7 $13) 9... O-O $13) ({II} 
8. e3 Bd6 $13) 8... Bd6 9. Bg2 O-O 10. O-O Nd7 11. Nh4 {Nun soll mittels cxd5
nebst e4 die schwarze Zentrumsformation unterminiert werden.} ({Auch in
Betracht kam} 11. Rfe1 {, z.B.} Bg4 12. cxd5 exd5 13. Qd1 Bb4 (13... Qh6 14. e4
dxe4 15. Nxe4 Be7 16. Nc3 Bf6 17. Qa4 $14) 14. e4 {. Weiter könnte folgen:}
Rfe8 15. h3 Bxc3 16. bxc3 Bxf3 17. Bxf3 dxe4 18. Rxe4 Rxe4 19. Bxe4 Rc8 20. Qa4
Rc7 21. Bg2 g6 22. Re1 Kg7 $14 {/= mit nahezu ausgeglichener Stellung.}) 11...
Bg4 12. cxd5 exd5 ({Eine schwere Entscheidung, indes mag} 12... cxd5 $5 {
- nicht zuletzt aus strukturellen Erwägungen - etwas genauer sein. Man prüfe:
} 13. Qa4 (13. h3 g5 14. Nf3 Bxf3 15. Bxf3 Qxd4 16. Nxd5 exd5 17. Rad1 Qf6 18.
Qxd5 Bxg3 19. fxg3 Ne5 $13 {/=}) 13... Qe7 14. h3 Bh5 15. e4 dxe4 16. Nxe4 {
, und Weiß steht auch hier etwas besser, wenngleich sich der Vorteil bei
starker Verteidigung verflüchtigt:} Rac8 (16... Rad8 17. Qxa7 Nf6 18. Qxb6 (
18. Qxe7 Bxe7 19. Nc3 Rxd4 $11) 18... Nxe4 19. Bxe4 f5 20. Bd3 g5 21. Ng2 f4
$13 {/=}) 17. Qxa7 Rc4 18. d5 $5 Rc7 19. Qa4 Nc5 20. Qc2 Nxe4 21. Qxe4 Qf6 22.
Rae1 g5 23. Nf3 Bg6 24. Qe3 exd5 25. Rd1 Rc2 $13 {/=}) 13. e4 $1 $36 {+/=} dxe4
{In unbehaglicher Lage muß Schwarz einmal mehr eine knifflige Entscheidung
treffen.} ({Nicht schlechter erscheint} 13... Qxd4 {, man prüfe:} 14. exd5 Nc5
(14... cxd5 15. Rad1 $5 (15. h3 $143 Nc5 16. Qxd5 Qxd5 17. Nxd5 Be6 18. Rad1
Rad8 $11) 15... Bxd1 16. Rxd1 Qe5 17. Qxd5 Qxd5 18. Rxd5 Bxg3 19. hxg3 $14) 15.
Qc2 cxd5 16. Nf5 Bxf5 17. Qxf5 $14) 14. Nxe4 Qh6 15. Qe3 $5 ({Ebenso zu
erwägen war} 15. h3 $5 Be6 16. Qf3 {und nun z.B.:} Be7 (16... Bd5 $2 17. Nf5
$1) 17. Nf5 Bxf5 18. Qxf5 Rad8 19. Rfe1 $36 {und Weiß steht zweifellos
angenehmer:} (19. Nc3 Bf6 $5) 19... Qg6 (19... c5 20. Nxc5 $1 (20. d5 $143 Bf6)
20... g6 21. Qf3 Bxc5 22. dxc5 Nxc5 23. Rad1 Rxd1 24. Rxd1 Qg5 25. b4 Ne6 26.
Rd7 $14) 20. Qf4 $14 c5 21. d5 Bf6 22. Nxf6+ Qxf6 23. Qa4 Qxb2 24. Qxa7 {
/\Rab1+/=}) 15... Qxe3 $5 {Sehr schwer einzuschätzen, ob dies die gebotene
Abwicklung ist.} ({Andere Möglichkeiten: I} 15... Be7 $5 16. Qxh6 gxh6 17. f4
$1 Rad8 (17... Bxh4 $143 18. gxh4 Be6 19. Rac1 Bd5 20. Ng3 $1 $16) 18. h3 Bxh4
19. hxg4 Bf6 20. Rfd1 Bg7 (20... Be7 21. Nc3 $14) 21. Nd6 c5 22. dxc5 Nxc5 23.
Rab1 Ne6 $5 (23... Na4 $143 24. Nf5) 24. Nf5 Nd4 25. Nxg7 Kxg7 26. Kf2 $14) ({
II} 15... Qe6 $4 {geht baden:} 16. h3 Bh5 17. Nxd6 Qxd6 18. Nf5 Qe6 19. Ne7+
Kh8 20. Rfe1 Rae8 21. Nxc6 $18) 16. fxe3 Be7 17. Nf2 $1 Be6 $6 ({Nach dem
zäheren} 17... Nf6 $142 $5 18. Bxc6 Rac8 19. Rfc1 Bb4 $5 {hätte der
Anziehende angesichts seiner drei Bauerninseln und etwas ungeordneten Kräfte
größere Probleme, seinen Mehrbauern zu verwerten.} 20. Nxg4 (20. Rc2 Rfe8 21.
a3 Bd2 $1 22. Nxg4 (22. Rxd2 $143 Rxc6 23. Re1 Ne4 24. Nxe4 Rxe4 25. Kg2 Be6)
22... Nxg4 23. Nf5 Nxe3 24. Rxd2 Rxc6 25. d5 $14) 20... Nxg4 21. Bd7 Rxc1+ 22.
Rxc1 Nxe3 23. Rc7 $14) 18. Bxc6 $16 Rac8 19. Rfc1 Nf6 20. e4 $2 ({Mit dieser
bedauerlichen Unachtsamkeit verdirbt Nisipeanu die bislang tadellos geführte
Partie. Stattdessen hätte} 20. Bb7 $1 Rxc1+ 21. Rxc1 $16 {den mühsam
errungenen Vorteil festgehalten -} Bxa2 22. Ra1 Rb8 23. Bf3 Bb3 24. Rxa7) 20...
Bc5 $1 {Eine tückische Linienverstellung, die Weiß offenbar übersehen hatte.
} 21. dxc5 $6 ({Aus dem Konzept gebracht verpasst Deutschlands Nr. 1 die
letzte Gelegenheit, mit} 21. Bb7 $142 {noch Druck auf seinen russischen
Kontrahenten auszuüben.} {Darauf wäre das Qualitätsopfer} Bxd4 $1 {
vonnöten gewesen:} (21... Rb8 $2 22. dxc5 Rxb7 23. c6) 22. Bxc8 Bxc8 23. Rc4 {
und weiter} Bxb2 (23... Bc5 24. Kg2 (24. b4 Be6 25. Rxc5 bxc5 26. bxc5 Rc8 27.
Rc1 Bxa2 28. Nf5 Kf8 $14) 24... Re8 25. Nf3 a5 26. Rac1 $5 $14) 24. Rd1 Be6 25.
Rc7 a5 26. Nf5 $14) 21... Rxc6 22. cxb6 Rxb6 23. b3 a5 $1 {Der Russe, der mit
einem blauen Auge davongekommen ist, steuert nun zielstrebig den Remishafen an.
} 24. Nf3 a4 25. Nd4 h5 (25... axb3 26. axb3 h6 (26... Bxb3 $4) 27. Nxe6 (27.
Rc3 Rfb8 28. Ra3 Rd6) 27... Rxe6 $14 {/=}) 26. bxa4 Rb4 27. Nxe6 fxe6 28. a5
Nxe4 29. Nxe4 Rxe4 30. Re1 ({Auch nach dem etwas besseren} 30. a4 Ra8 31. Rc5
g6 32. Ra2 (32. h4 Re2) 32... h4 33. Kf2 hxg3+ 34. hxg3 Kf7 $14 {/= sollte
Schwarz sich locker behaupten können.}) 30... Ra4 31. Rxe6 Rxa5 32. a4 Rb8 $11
33. Re4 Rb2 34. Rf1 Ra2 35. Rff4 Kh7 36. Rb4 Kg6 37. h4 Kh7 38. Rb5 R2xa4 39.
Rxh5+ Rxh5 40. Rxa4 Rb5 41. Kg2 g5 42. h5 g4 43. Rxg4 Rxh5 44. Rh4 1/2-1/2

[Event "Gibraltar Masters 15th"]
[Site "Caleta"]
[Date "2017.02.02"]
[Round "10"]
[White "Huzman, Alexander"]
[Black "Svidler, Peter"]
[Result "0-1"]
[WhiteElo "2557"]
[BlackElo "2748"]
[Annotator "Navara,D"]
[PlyCount "112"]
[EventDate "2017.01.24"]
[EventType "swiss"]
[EventRounds "10"]
[EventCountry "GGB"]
[SourceTitle "CBM 177"]
[Source "ChessBase"]
[SourceDate "2017.03.16"]
[SourceVersion "1"]
[SourceVersionDate "2017.03.16"]
[SourceQuality "1"]

{This game is far too complex for me to analyse within a short time. I would
gladly leave the task to the author himself.} 1. Nf3 d5 2. d4 Bf5 3. c4 e6 4.
Nc3 Nf6 5. Nh4 Bb4 6. Nxf5 exf5 7. e3 O-O 8. Be2 dxc4 9. Bxc4 c5 10. O-O Nc6
11. a3 Ba5 12. dxc5 Bxc3 13. bxc3 Qa5 14. Qc2 Qxc5 15. Bd3 g6 16. c4 Ne5 17.
Bb2 Nxd3 18. Bxf6 Qc6 19. Bd4 Nc5 20. Rab1 b6 21. Ba1 f6 22. Rfd1 Rac8 23. Rbc1
Rc7 {The position is approximately balanced. White's weakness on c4 is being
compensated for by the potential vulnerability of Black's king.} 24. Rd5 $2 (
24. h3 {would maintain the equilibrium.}) 24... Nb3 $1 {White must have missed
this nice trick. Now he loses a pawn.} 25. Rcd1 (25. Qxb3 $2 Qxd5 $19) 25...
Qxc4 $17 {Black's technical task is far from easy. He should exchange as many
pieces as he can, create a passed pawn and promote it or give it up for
White's kingside pawns, but that is easier said than done.} 26. Qb2 Qc2 27.
R5d3 Qxb2 28. Bxb2 Nc5 29. Rd4 Kf7 30. h3 h5 31. g4 hxg4 32. hxg4 fxg4 33. Rxg4
Rd7 34. Rxd7+ Nxd7 35. Ra4 a5 36. Rd4 Ke6 37. Rg4 g5 38. Re4+ Ne5 $1 39. Kg2
Rc8 $1 40. Bxe5 f5 $1 {Black keeps his kingside pawns intact, thus depriving
White's rook of targets and good squares.} 41. Rd4 Kxe5 {Black has a spare
pawn and his pieces are more active than White's. The conversion still
requires good technique, which GM Svidler readily demonstrated.} 42. a4 Rc2 {
The rook heads for b4.} 43. Rd8 Rc4 44. Re8+ Kd6 45. Rd8+ Ke5 46. Re8+ Kd5 47.
Rd8+ Kc5 48. Rf8 f4 49. Rf5+ Kc6 50. Rxg5 fxe3 51. fxe3 Rxa4 52. Kf3 Rc4 53. e4
a4 54. Rg7 b5 55. Ra7 Kc5 56. e5 Kd5 {This was an instructive game which
certainly deserves a more detailed analysis.} 0-1

[Event "Moscow FIDE GP"]
[Site "Moscow"]
[Date "2017.05.13"]
[Round "2"]
[White "Gelfand, Boris"]
[Black "Mamedyarov, Shakhriyar"]
[Result "1/2-1/2"]
[WhiteElo "2724"]
[BlackElo "2772"]
[Annotator "Quintiliano,R"]
[PlyCount "43"]
[EventDate "2017.05.12"]
[EventType "swiss"]
[EventRounds "9"]
[EventCountry "RUS"]
[SourceTitle "CBM 179"]
[Source "ChessBase"]
[SourceDate "2017.07.12"]
[SourceVersion "1"]
[SourceVersionDate "2017.07.12"]
[SourceQuality "1"]

1. Nf3 d5 2. d4 Bf5 {The Baltic Defence, which is a very rare choice at top
level tournaments. Black tries to solve the eternal problem of the bad bishop
very early by putting it outside of the pawn chain, but I'm not convinced
about the correctness of this plan, as White can put pressure in queenside in
the bishop's absence.} 3. c4 e6 4. Nc3 ({If White tries explore Black's idea
too quickly with} 4. Qb3 {then} Nc6 $1 {[%cal Yc6b4] shows how useful that
f5-bishop can be.}) 4... Nf6 {This is a bit provocative, typical of
Mamedyarov's style.} (4... c6 {is the more solid option for Black, and is
unavoidable to remember the most memorable game in this line, which followed}
5. Qb3 Qb6 6. c5 Qc7 (6... Qxb3 7. axb3 {[%cal Yb3b4,Yb4b5]} Na6 8. Ra4 $1 {
is good for White}) 7. Bf4 $1 Qc8 8. e3 (8. Nh4 {chasing the bishop, is the
most played and probably the most challenging for Black}) 8... Nf6 9. Qa4 {
[%cal Yb2b4,Yb4b5];Kramnik,V (2710)-Shirov,A (2705) Linares 12th 1994 (12) 0-1
White got a comfortable position with a clear plan- to advance the pawns on
the queenside like a minority attack, but later Black won one of the most
spectacular games that I've ever seen -}) 5. Nh4 {Gelfand makes a practical
decision, avoiding the most played lines, but his move is logical, similar to
some Slav variations.} (5. Bg5 {is the most tried, but don't seems to give any
advantage for White:} c6 (5... Be7 $6 {I'm surprised to realise this is the
most played. It doesn't makes sense, after} 6. Bxf6 Bxf6 7. cxd5 exd5 8. Qb3 {
[%csl Gb7,Gd5] and White is winning a pawn, even if Black tries to complicate
things with} Nc6 9. Qxd5 Qxd5 (9... Nxd4 10. Nxd4 Qxd5 11. Nxd5 Bxd4 12. Nxc7+
Ke7 13. e4 $1 Bxb2 14. Rd1 Bc3+ 15. Ke2 {[%csl Ga8,Gf5]}) 10. Nxd5 Bxd4 11.
Nxc7+ Ke7 12. e4 $1 Bxb2 13. Rd1 Bxe4 14. Nxa8 Bc3+ 15. Ke2 Rxa8 16. Ke3 $1 Bf5
17. Bd3 $14) 6. e3 {is the main move but I can't see any advantage for White
after} (6. Qb3 Qb6 7. c5 Qc7 (7... Qxb3 $6 8. axb3 Na6 9. Ra4 $5 Nc7 {Netusil,
M (2267)-Reznicek,T (2272) CZE-chT1W 0910 2009 (7.7) 1-0} 10. Bf4 $1 $146 Nb5
11. Nxb5 cxb5 12. Ra5 a6 13. e4 $1 {[%cal Yf1b5]}) 8. Bf4 Qc8 9. h3 h6 10. e3
Nbd7 11. Qa4 {[%cal Yb2b4] is similar to Kramnik-Shirov}) 6... Nbd7 7. Be2 Be7
8. O-O O-O $11) (5. Qb3 {still would face} Nc6 {but White has an interesting
idea} 6. Bg5 Na5 (6... Nb4 $2 7. Rc1 dxc4 8. Qxc4 $16 {[%cal Ye2e4]}) 7. Qa4+
c6 8. Bxf6 gxf6 9. cxd5 exd5 10. e3 {White has the better pawn structure, but
the bishop pair provides dynamic counterplay for Black, which makes the
position level.}) 5... Bb4 $6 {Although this has been played recently by
Svidler (and now Mamedyarov), it doesn't seems like a promising option.} 6.
cxd5 ({The previous game saw} 6. Nxf5 exf5 7. e3 (7. Bg5 {looks interesting})
7... O-O {Huzman,A (2557)-Svidler,P (2748) Gibraltar Masters 15th 2017 (10) 0-1
} 8. a3 {seems good} Bxc3+ (8... Be7 $2 9. Qb3) 9. bxc3 {[%csl Yc1,Yf1] the
bishop pair promises an easier position to White} c5 10. cxd5 cxd4 (10... Qxd5
11. c4 {[%cal Yd4d5,Yc1b2]}) 11. cxd4 Qxd5 12. Rb1 $14 {[%csl Gb7][%cal Yb1b5]}
) 6... Qxd5 (6... Nxd5 $6 {[%cal Gd8h4,Gd5c3] would be risky} 7. Nxf5 Nxc3 $6 (
7... exf5 8. Qb3 O-O 9. Bd2 c6 10. e3 $14) 8. Nxg7+ Kf8 9. Nxe6+ $1 fxe6 10.
bxc3 Bxc3+ 11. Bd2 Qxd4 (11... Bxa1 12. Qxa1 $44 {[%csl Gd2,Gf1,Rf8]}) 12. Rc1
Bxd2+ 13. Qxd2 Qxd2+ 14. Kxd2 c6 15. e4 $14 {White has an easier endgame, with
the better pawns advancing on the kingside, the better minor piece and a more
active king.}) 7. e3 c5 $6 {Black is trying to play actively, but in some
moves his position will be unpleasant.} (7... O-O {would be safer, but White
keeps an advantage after} 8. Nxf5 exf5 9. a3 $1 Bxc3+ 10. bxc3 Re8 11. c4 Qc6
12. f3 (12. Be2 Qxg2 $5 13. Bf3 Qh3 14. Bxb7 Nbd7 15. Bxa8 Rxa8 16. Qe2 f4 $44)
12... Qd6 13. Be2 c5 14. O-O $14) 8. Bb5+ $1 Nc6 9. O-O {Now Black's lack of
development starts to tell.} Qd7 $6 (9... Bxc3 10. bxc3 cxd4 (10... O-O 11. Ba3
$16) 11. c4 Qd6 12. exd4 {[%cal Yd4d5]} O-O 13. d5 $1 {with a dangerous
initiative for White, for example} Rfd8 (13... Ne7 14. Qb3 {[%cal Yc1a3]}) 14.
Nxf5 exf5 15. Bg5 $14) 10. Nxf5 exf5 11. Ne2 $1 {[%cal Ya2a3] A good manoeuvre
to increase the pressure, and also creating the threat of a3.} (11. d5 $5 {
was a more aggressive way to play, and also was advantageous for White} Bxc3 $8
12. dxc6 bxc6 13. Qxd7+ Kxd7 14. Bd3 Be5 15. f4 $1 Bd6 16. Bxf5+ Kc7 17. Bd2
$14) 11... cxd4 (11... a6 12. Qa4 $1 O-O-O 13. Bxc6 Qxc6 14. Qxc6+ bxc6 15. a3
Ba5 16. dxc5 $16) 12. Nxd4 Bc5 {Black is struggling to exchange pieces and
relieve the pressure, but White simplifies into a clearly better endgame now.}
13. Nxc6 bxc6 14. Qxd7+ Kxd7 15. Rd1+ Kc7 16. Bc4 $14 {[%csl Yc1,Yc4] The
bishop pair and better pawn structure provide an advantageous endgame for
White and a very unpleasant defence ahead for Black.} (16. Ba4 {[%csl Rc6] was
good also.}) 16... Rhd8 (16... Ne4 $5 {[%cal Ye4d6]} 17. Bxf7 (17. Bd2 a5 $1
18. Bxf7 f4 $1 $132) 17... Rad8 18. Bb3 f4 $1 19. Kf1 fxe3 20. Bxe3 Bxe3 21.
fxe3 Rd2 $5 22. Rxd2 Nxd2+ 23. Ke2 Nxb3 24. axb3 Kb6 {and Black can put his
hopes in this rook endgame, even after} 25. Ra4 $1 {White maintains good
chances to win.}) 17. Bd2 Nd5 18. Ba5+ (18. Rac1 {would be very natural, just
developing the last piece to increase the pressure} Kb7 (18... a5 19. Bd3 Ne7
20. Bc3 Nd5 $1 21. Be5+ Kb6 22. a3 g6 23. Bc2 $16 {[%cal Yc2a4]}) 19. Be1 Bb6
20. Rd3 {[%cal Yc1d1]} Rd7 21. b4 $1 Rad8 22. Rcd1 a6 23. a4 $16) 18... Bb6 19.
Bxd5 $2 {But this was just a strange decision by Gelfand, as White is giving
up the bishop pair and relieving the pressure for nothing apparent.} (19. Rac1
$1 {and}) (19. Be1 {would had kept the advantage and excellent chances to play
for a win.}) 19... Rxd5 20. Rxd5 cxd5 $11 {White advantage is gone.} 21. Bc3 g5
22. Rd1 {An interesting game in a sideline with an excellent peformance by
Gelfand, but the sudden turn of events in the last moves saved Black from a
very difficult endgame in which he would have suffered.} 1/2-1/2